00670nam a2200193 4500003001100000005001700011008004100028020001500069040003900084041000800123082001600131100002100147245010600168260004900274300002700323490001800350650006500368650004300433LK-CoMWRAF20231206095900.0231206b2005 |||||||| |||| 00| 0 eng d a9068328506 aLK-CoMWRAFdLK-CoMWRAFeLK-CoMWRAF aeng a910.68bBEU aBeurden, Jos van aPartnerships in cultural heritage :b the international projects of the KIT Tropenmuseum in Amsterdam aAmsterdam:bRoyal Tropical Institute, c2005 a 62 p. : ill. ; 24 cm. aBulletinv364 a Ethnological museums and collections- Developing countries  aNetherlands- International cooperation